Medical Devices and Human Engineering /

Enregistré dans:
Détails bibliographiques
Autres auteurs: Bronzino, Joseph D. (Éditeur intellectuel), Peterson R. Donald (Éditeur intellectuel)
Format: Livre
Langue:anglais
Publié: Boca Raton CRC Press 2015
Édition:fourth edition
Tags: Ajouter un tag
Pas de tags, Soyez le premier à ajouter un tag!

MARC

LEADER 00000nam a22000003a 4500
001 0019788
003 SK-STU
005 20161213104806.5
007 ta
008 161213s ----xo-----e------000-0-----d
020 |a 978-1-4398-2528-9 
040 |a STU  |b slo 
041 0 |a eng 
080 |a 610.28--dc23 
100 1 |a Bronzino, Joseph D.  |4 edt 
245 1 0 |a Medical Devices and Human Engineering /  |c ed. Joseph D Bronzino ; ed. Peterson R. Donald 
250 |a fourth edition 
260 |a Boca Raton  |b CRC Press  |c 2015 
300 |a nestr.  |b CD 
700 1 |a Peterson R. Donald  |4 edt 
996 |b 284J044659  |c J* 117941  |l JJST  |s P  |a 0  |w 0019788_0001